[Event "Match"]
[Site "www.echecsemail.com"]
[Date "2016.07.14"]
[Round "1"]
[White "Gilliere"]
[Black "Xkafi"]
[WhiteElo "2040"]
[BlackElo "1880"]
[Result "1-0"]
[Round "1"]
1.d4 d5
2.c4 dxc4
3.e3 e6
4.Bf1xc4 Ng8f6
5.Ng1f3 Bf8d6
6.Nb1c3 a6
7.O-O b6
8.e4 Nf6g4
9.e5 Bd6b4
10.a3 Bb4e7
11.h3 Ng4h6
12.Bc1xh6 gxh6
13.Bc4d3 c5
14.dxc5 Be7xc5
15.Nc3e4 Bc5e7
16.b4 Rh8g8
17.Ne4g3 Bc8b7
18.Bd3xh7 Rg8g7
19.Qd1xd8 Be7xd8
20.Bh7e4 Bb7xe4
21.Ng3xe4 Nb8c6
22.Ne4d6 Ke7
23.Ra1d1 Bd8c7
24.Rd1d2 Ra8g8
25.g3 Bc7b8
26.Rf1d1 f6
27.exf6 Kxf6
28.b5 axb5
29.Nd6xb5 Nc6e7
30.Rd2d7 Ne7f5
31.Rd7xg7 Rg8xg7
32.Rd1d8 Rg7b7
33.Kg2 Nf5e7
34.Nb5d6 Bb8xd6
35.Rd8xd6 Ne7d5
36.Nf3d4 Rb7e7
37.h4 Ke5
38.Nd4b5 Re7g7
39.Kf1 Rg7g4
40.Rd6d8 h5
41.Rd8h8 Nd5f6
42.Kg2 Rg4c4
43.Rh8d8 Rc4c5
44.a4 Rc5c2
45.Rd8d6 Nf6d5
46.Rd6d8 Rc2a2
47.Rd8a8 Nd5f6
48.Nb5c3 Ra2c2
49.Nc3b5 Rc2a2
50.Ra8a6 Nf6d5
51.Ra6a8 Kf5
52.Kf3 Nd5f6
53.Ra8a6 Nf6g4
54.Nb5d4 Ke5
55.Nd4e2 b5
56.a5 Ra2a3
57.Kg2 Ra3a2
58.Kf3 Ra2a3
59.Kg2 b4
60.Ra6b6 Ra3xa5
61.Rb6xb4 Ra5a2
62.Kf3 Ra2a3
63.Kg2 Kd5
64.Ne2f4 Kc5
65.Rb4b2 Ng4f6
66.Nf4xe6 Kd5
67.Ne6f4 Kc5
68.Rb2e2 Ra3a6
69.Re2e6 Ra6xe6
70.Nf4xe6 Kd5
71.Ne6f4 Ke5
72.Kf3 Kf5
73.Ke3 Ke5
74.f3 Kf5
75.Nf4e2 Nf6d5
76.Kd4 Nd5f6
77.Ne2f4 { resign }
1-0

[Event "1/64 Finale"]
[Site "www.chess-mail.com"]
[Date "2016.07.14"]
[Round "1"]
[White "Hennie4820"]
[Black "Ciappo"]
[WhiteElo "1940"]
[BlackElo "2470"]
[Result "0-1"]
[Round "1"]
1.e4 g6
2.d4 Bf8g7
3.c4 d6
4.Nb1c3 Ng8f6
5.f3 b6
6.Bc1e3 Bc8b7
7.Qd1d2 Nb8d7
8.Ng1e2 c5
9.d5 Nd7e5
10.Ne2c1 O-O
11.f4 Ne5d7
12.Nc1d3 Nf6g4
13.Bf1e2 Ng4xe3
14.Qd2xe3 Rf8e8
15.O-O e6
16.Qe3d2 exd5
17.Nc3xd5 Re8xe4
18.Nd3f2 Re4d4
19.Qd2c2 Bb7xd5
20.cxd5 Rd4xf4
21.g3 Rf4b4
22.Ra1b1 Nd7e5
23.a3 Rb4d4
24.Rf1d1 Rd4xd1
25.Rb1xd1 Qd8d7
26.Kg2 b5
27.b3 a5
28.h3 a4
29.Nf2g4 axb3
30.Qc2xb3 c4
31.Qb3b4 Ra8a4
32.Ng4xe5 Bg7xe5
33.Qb4d2 Ra4xa3
34.Rd1b1 Ra3xg3
35.Kf2 Qd7xh3
36.Rb1xb5 Rg3g2
{ resign }
0-1

[Event "1/128 Finale"]
[Site "www.chess-mail.com"]
[Date "2016.07.14"]
[Round "1"]
[White "Brighton"]
[Black "Llord"]
[WhiteElo "1740"]
[BlackElo "1850"]
[Result "0-1"]
[Round "1"]
1.Ng1f3 Nb8c6
2.e4 e5
3.Bf1c4 h6
4.d4 exd4
5.Nf3xd4 Nc6xd4
6.Qd1xd4 d6
7.O-O Ng8f6
8.Nb1c3 Bf8e7
9.Rf1e1 c5
10.Qd4d1 Bc8g4
11.f3 Bg4h5
12.Bc1e3 O-O
13.Qd1d2 b6
 { time }
0-1

[Event "1/32 Finale"]
[Site "www.chess-mail.com"]
[Date "2016.07.14"]
[Round "1"]
[White "Nimzo"]
[Black "Picifarkinca"]
[WhiteElo "2800"]
[BlackElo "1980"]
[Result "1-0"]
[Round "1"]
1.d4 Ng8f6
2.c4 e6
3.Nb1c3 Bf8b4
4.Qd1c2 O-O
5.Ng1f3 b6
6.e4 d6
7.e5 Bb4xc3
8.bxc3 Nf6e8
9.Qc2e4 d5
10.Qe4e3 Nb8c6
11.Bc1a3 Nc6e7
12.cxd5 { resign }
1-0

[Event "1/32 Finale"]
[Site "www.chess-mail.com"]
[Date "2016.07.14"]
[Round "1"]
[White "Jose"]
[Black "Ffdd65"]
[WhiteElo "2760"]
[BlackElo "2180"]
[Result "1-0"]
[Round "1"]
1.e4 e5
2.Ng1f3 d6
3.d4 f6
4.Bf1c4 Qd8e7
5.Nb1c3 Bc8e6
6.Qd1d3 Be6xc4
7.Qd3xc4 c6
8.O-O Qe7c7
9.dxe5 dxe5
10.Rf1d1 Nb8d7
11.Nc3b5 Qc7d8
12.Qc4e6 Qd8e7
13.Nb5d6 Kd8
14.Qe6b3 b6
15.Nd6f7 Ke8
16.Nf7xh8 g6
17.Qb3xg8 { resign }
1-0

[Event "Tourn. n8832"]
[Site "www.chess-mail.com"]
[Date "2016.07.15"]
[Round "1"]
[White "Osopanda"]
[Black "Julian"]
[WhiteElo "1990"]
[BlackElo "2060"]
[Result "0-1"]
[Round "1"]
1.e4 c5
2.Ng1f3 Nb8c6
3.c3 d6
4.d4 cxd4
5.cxd4 e6
6.Nb1c3 a6
7.Bf1d3 Ng8f6
8.O-O Bf8e7
9.Rf1e1 e5
10.d5 Nc6d4
11.Bc1e3 Bc8g4
12.h3 Bg4h5
13.Be3xd4 exd4
14.Nc3e2 Bh5xf3
15.gxf3 O-O
16.Ne2xd4 Rf8e8
17.Ra1c1 Ra8c8
18.Qd1b3 Qd8d7
19.Nd4f5 Be7f8
20.Rc1xc8 Re8xc8
21.f4 g6
22.e5 dxe5
23.fxe5 Nf6xd5
24.e6 fxe6
25.Nf5d4 Bf8c5
26.Nd4xe6 Rc8e8
27.Ne6xc5 Re8xe1
28.Kg2 Qd7c6
29.Nc5xb7 Kg7
30.Nb7d8 Nd5f4
31.Kg3 Qc6g2
32.Kxf4 Qg2xf2
{ resign }
0-1

[Event "Tourn. n8836"]
[Site "www.chess-mail.com"]
[Date "2016.07.15"]
[Round "1"]
[White "Kampungboy"]
[Black "Pwain"]
[WhiteElo "2010"]
[BlackElo "2019"]
[Result "1-0"]
[Round "1"]
1.e4 e5
2.Ng1f3 Nb8c6
3.d4 exd4
4.Nf3xd4 Ng8f6
5.Nd4xc6 bxc6
6.e5 Qd8e7
7.Qd1e2 Nf6d5
8.c4 Bc8a6
9.b3 Qe7h4
10.a3 Bf8c5
11.g3 Bc5xf2
12.Qe2xf2 Qh4e4
13.Kd1 Qe4xh1
14.Nb1d2 Nd5c3
15.Kc2 Nc3e4
16.Nd2xe4 Qh1xe4
17.Bf1d3 Qe4g4
18.Bd3f5 Qg4h5
19.h4 f6
20.exf6 gxf6
21.Bc1d2 O-O
22.Bf5xd7 Ba6c8
23.Bd7xc6 Qh5f5
24.Qf2xf5 Bc8xf5
25.Kb2 Ra8d8
26.Bd2h6 Rd8d6
27.Bh6xf8 Rd6xc6
28.Bf8h6 Rc6e6
29.Bh6f4 Re6e2
30.Kc3 c5
31.b4 cxb4
32.axb4 Re2e7
33.b5 Re7b7
34.Ra1a5 Bf5d7
35.Bf4e3 { resign }
1-0

[Event "Tourn. n8829"]
[Site "www.chess-mail.com"]
[Date "2016.07.15"]
[Round "1"]
[White "Guidom"]
[Black "Odin"]
[WhiteElo "2090"]
[BlackElo "1920"]
[Result "1-0"]
[Round "1"]
1.e4 e5
2.Ng1f3 Ng8f6
3.Nb1c3 Bf8c5
4.Bf1e2 d6
5.d3 Nf6g4
6.O-O Nb8d7
7.h3 Ng4xf2
8.Rf1xf2 O-O
9.d4 Bc5b6
10.Nc3d5 c6
11.Nd5xb6 Qd8xb6
12.c3 Nd7f6
13.Qd1c2 h6
14.dxe5 d5
15.exf6 Bc8xh3
16.gxh3 Rf8e8
17.e5 Re8e6
18.Bc1f4 gxf6
19.Be2d3 Kh8
20.Kh2 Ra8g8
21.Bd3f5 fxe5
22.Bf4xe5 Re6xe5
23.Nf3xe5 Qb6c7
24.Rf2e2 f6
25.Ra1e1 fxe5
26.Re2xe5 c5
27.Kh1 Qc7c6
28.Re5e6 Qc6c7
29.Re6xh6 { resign }
1-0

[Event "Tourn. n8865"]
[Site "www.chess-mail.com"]
[Date "2016.07.15"]
[Round "1"]
[White "Daquata"]
[Black "Jhzes"]
[WhiteElo "1920"]
[BlackElo "1890"]
[Result "1-0"]
[Round "1"]
1.e4 c6
2.d4 e5
3.dxe5 Qd8a5
4.Nb1c3 Qa5xe5
5.Ng1f3 Qe5e7
6.Bc1g5 f6
7.Bg5h4 d6
8.Bf1c4 Bc8e6
9.Bc4xe6 Qe7xe6
10.O-O Nb8d7
11.Nf3d4 Qe6f7
12.Nd4f5 g5
13.Bh4g3 Nd7e5
14.Nf5xd6 Bf8xd6
15.Qd1xd6 Ra8d8
16.Qd6c5 b6
17.Qc5a3 Ne5c4
18.Qa3b3 h5
19.h4 b5
20.Ra1d1 Ng8h6
21.Rd1xd8 Kxd8
22.Rf1d1 Kc8
23.a4 bxa4
24.Qb3xa4 Kb7
25.Rd1a1 Rh8a8
26.Qa4a6 
1-0

[Event "Tourn. n8817"]
[Site "www.chess-mail.com"]
[Date "2016.07.15"]
[Round "1"]
[White "Jhzes"]
[Black "Xkafi"]
[WhiteElo "1840"]
[BlackElo "1890"]
[Result "1-0"]
[Round "1"]
1.g3 d5
2.Bf1g2 Bc8f5
3.d3 c6
4.e3 Ng8f6
5.Nb1c3 e6
6.Ng1e2 Bf8d6
7.a3 Nb8a6
8.b4 h6
9.d4 e5
10.dxe5 Bd6xe5
11.Bc1b2 Qd8d6
12.b5 Na6c5
13.a4 Nf6e4
14.Bg2xe4 Nc5xe4
15.f4 Be5f6
16.Ra1b1 O-O
17.Ne2d4 Bf5h3
18.Rh1g1 Qd6b4
19.bxc6 b6
20.Bb2a1 Qb4a5
21.Rb1b5 Ne4xc3
22.Qd1d3 Qa5xa4
23.Ba1xc3 Rf8e8
24.Rb5b4 Qa4a3
25.Kf2 Qa3a5
26.Rb4b5 Qa5a6
27.Rb5xd5 Qa6c8
28.e4 Bf6xd4
29.Qd3xd4 Qc8g4
30.c7 f6
31.Rd5d8 Qg4e6
32.Rg1d1 Bh3g4
33.Rd1d2 Qe6c6
34.Qd4d5 Qc6xd5
35.Rd2xd5 Kf7
36.f5 Ke7
37.Rd5d7 Kf8
38.Rd8xa8 Re8xa8
39.Rd7d8 { resign }
1-0

[Event "Tourn. n8873"]
[Site "www.chess-mail.com"]
[Date "2016.07.15"]
[Round "1"]
[White "Biggles"]
[Black "Sachpat"]
[WhiteElo "2080"]
[BlackElo "1809"]
[Result "0-1"]
[Round "1"]
1.e4 e5
2.Ng1f3 Nb8c6
3.Bf1c4 Ng8f6
4.d4 exd4
5.e5 d5
6.Bc4b5 Nf6e4
7.Nf3xd4 Bc8d7
8.Bb5xc6 bxc6
9.O-O Bf8c5
10.Bc1e3 Qd8e7
11.f3 Ne4g5
12.f4 Ng5e4
13.Nb1d2 f5
14.Nd2xe4 dxe4
15.Kh1 O-O
16.c3 Bc5b6
17.Be3f2 c5
18.Nd4e2 Bd7e6
19.Ne2g1 Rf8d8
20.Qd1e2 Rd8d3
21.Rf1d1 Ra8d8
22.Rd1xd3 Rd8xd3
23.Ng1h3 Qe7d7
24.Bf2e3 c4
25.Be3xb6 cxb6
26.Qe2e1 e3
27.Nh3g1 Be6d5
28.Ra1b1 Rd3d2
29.Ng1e2 Bd5e4
30.Rb1a1 Qd7d3
{ resign }
0-1

[Event "Tourn. n8768"]
[Site "www.chess-mail.com"]
[Date "2016.07.15"]
[Round "1"]
[White "Cardiff"]
[Black "Claudia"]
[WhiteElo "1810"]
[BlackElo "1830"]
[Result "0-1"]
[Round "1"]
1.d4 d5
2.Nb1c3 Ng8f6
3.Bc1g5 e6
4.e3 Bf8e7
5.Ng1f3 O-O
6.Bf1d3 c5
7.dxc5 Be7xc5
8.O-O Nb8d7
9.Qd1d2 h6
10.Bg5xf6 Nd7xf6
11.Nf3d4 a6
12.Nd4b3 Bc5a7
13.Ra1d1 Bc8d7
14.Rf1e1 Bd7c6
15.Nb3d4 Ra8c8
16.Nd4xc6 Rc8xc6
17.Qd2e2 Qd8e7
18.a3 b5
19.h3 e5
20.e4 dxe4
 { time }
0-1

[Event "Tourn. n8813"]
[Site "www.chess-mail.com"]
[Date "2016.07.15"]
[Round "1"]
[White "Umutkrc"]
[Black "Esperanza"]
[WhiteElo "1800"]
[BlackElo "1819"]
[Result "0-1"]
[Round "1"]
1.Nb1c3 Ng8f6
2.b3 g6
3.Bc1b2 d6
4.Nc3d5 Nb8d7
5.g4 Bf8g7
6.h3 O-O
7.Nd5xf6 Nd7xf6
8.a4 e5
9.d3 Bc8e6
10.e4 Rf8e8
11.Ng1f3 c6
12.Nf3g5 Be6d7
13.Ng5f3 Qd8c7
14.g5 Nf6h5
15.Bb2c1 d5
16.h4 dxe4
17.dxe4 Bd7g4
18.Qd1d3 Ra8d8
19.Qd3e3 Qc7d6
20.Bc1a3 Qd6d7
21.Bf1e2 Nh5f4
22.Ra1d1 Nf4g2
23.Kf1 Ng2xe3
24.fxe3 Qd7c7
25.Kf2 Rd8xd1
26.Rh1xd1 Re8d8
27.Be2d3 Bg7f8
28.Ba3xf8 Kxf8
29.Kg3 Bg4xf3
30.Kxf3 Ke7
31.b4 b5
32.a5 a6
33.Kg3 c5
34.c3 cxb4
35.cxb4 Qc7c3
{ resign }
0-1

[Event "Tourn. n8859"]
[Site "www.chess-mail.com"]
[Date "2016.07.15"]
[Round "1"]
[White "Nulladies"]
[Black "Daquata"]
[WhiteElo "1750"]
[BlackElo "1880"]
[Result "0-1"]
[Round "1"]
1.d4 Ng8f6
2.Bc1f4 g6
3.Ng1f3 Bf8g7
4.e3 O-O
5.Bf1e2 d6
6.h3 c5
7.c3 b6
8.Nb1d2 Bc8b7
9.O-O Nb8d7
10.Nd2c4 Ra8c8
11.Nf3d2 Nf6e4
12.Nd2xe4 Bb7xe4
13.d5 Nd7f6
14.Be2f3 Be4xf3
15.Qd1xf3 b5
16.Nc4d2 b4
17.Ra1c1 Qd8a5
18.cxb4 cxb4
19.Rc1a1 Qa5xd5
20.e4 Qd5b5
21.Ra1c1 Nf6h5
22.Bf4e3 Bg7xb2
23.Rc1xc8 Rf8xc8
24.Nd2b3 Qb5a4
25.Be3d4 Bb2xd4
26.Nb3xd4 Qa4xa2
27.Nd4e2 a5
28.Qf3e3 Nh5f6
29.Ne2c1 Qa2c2
30.f3 Qc2c5
31.Qe3xc5 dxc5
32.Rf1d1 e6
33.Kf1 Kf8
34.Rd1d6 a4
{ resign }
0-1

[Event "Tourn. n8853"]
[Site "www.chess-mail.com"]
[Date "2016.07.15"]
[Round "1"]
[White "Xkafi"]
[Black "Bojan"]
[WhiteElo "1890"]
[BlackElo "1940"]
[Result "0-1"]
[Round "1"]
1.e4 g6
2.d4 d5
3.e5 a6
4.Bc1g5 Bc8f5
5.Ng1f3 Nb8c6
6.c3 f6
7.exf6 exf6
8.Bg5h4 Bf8e7
9.Bh4g3 Kf7
10.h3 h5
11.Nf3h4 Bf5e6
12.Qd1c2 f5
13.Nb1d2 Be7xh4
14.Bg3xh4 Qd8xh4
15.Nd2f3 Qh4e7
16.O-O-O Kg7
17.h4 Nc6d8
18.Rd1e1 Nd8f7
19.Bf1d3 Ng8f6
20.Re1e2 c5
21.dxc5 Nf6e4
22.Nf3d4 Be6d7
23.f3 Qe7xc5
24.Nd4b3 Qc5c6
25.fxe4 fxe4
26.Bd3xe4 dxe4
27.Nb3d4 Qc6d5
28.Rh1d1 Bd7g4
29.c4 Qd5a5
30.Qc2xe4 Bg4xe2
31.Qe4xe2 Rh8e8
32.Qe2c2 Qa5e5
33.b3 Qe5f4
34.Kb2 Qf4xh4
35.Qc2c3 Kh7
36.Nd4f3 Qh4f2
37.Rd1d2 Re8e2
38.Ka3 Qf2xg2
39.Rd2xe2 Qg2xe2
40.Qc3f6 Qe2e8
41.Nf3h4 Nf7h6
42.Nh4f3 Qe8f8
43.Qf6xf8 Ra8xf8
44.Nf3g5 Kg8
45.Kb4 b6
46.a4 Rf8f5
47.Ng5e6 h4
48.Ne6d4 Rf5f7
49.a5 bxa5
50.Kxa5 h3
{ resign }
0-1

[Event "Tourn. n8852"]
[Site "www.chess-mail.com"]
[Date "2016.07.15"]
[Round "1"]
[White "Daquata"]
[Black "Ditto"]
[WhiteElo "1850"]
[BlackElo "1840"]
[Result "0-1"]
[Round "1"]
1.e4 e5
2.Ng1f3 Nb8c6
3.Bf1c4 Ng8f6
4.Nf3g5 d5
5.exd5 Nc6d4
6.d6 Qd8xd6
7.Ng5xf7 Qd6c6
8.d3 Qc6xg2
9.Rh1f1 Bc8h3
10.Nb1d2 Bf8c5
11.c3 Bh3g4
12.Qd1a4 Bg4d7
13.Qa4a5 Bc5b6
14.Qa5xe5 Kf8
15.Qe5g3 Qg2xg3
16.fxg3 Nd4c2
17.Kd1 Nc2e3
18.Ke2 Ne3xf1
19.Nf7xh8 Nf1xh2
20.Nh8f7 Ra8e8
21.Kd1 Bd7g4
22.Kc2 a6
23.Nf7g5 Re8e2
24.b4 Bb6e3
25.Ra1b1 Be3xg5
{ resign }
0-1

[Event "Tourn. n8873"]
[Site "www.chess-mail.com"]
[Date "2016.07.15"]
[Round "1"]
[White "Bojan"]
[Black "Biggles"]
[WhiteElo "1960"]
[BlackElo "2080"]
[Result "0-1"]
[Round "1"]
1.b4 e5
2.b5 Ng8f6
3.c4 Bf8c5
4.Bc1b2 O-O
5.Bb2xe5 d6
6.Be5c3 Bc8f5
7.d3 Nb8d7
8.Ng1f3 Rf8e8
9.e3 c6
10.d4 Bc5b6
11.a4 Bb6a5
12.Qd1b3 Bf5xb1
13.Ra1xb1 Ba5xc3
14.Qb3xc3 Nf6e4
15.Qc3b4 c5
16.dxc5 dxc5
17.Qb4b3 Qd8a5
18.Ke2 Ne4c3
19.Kd3 Nc3xb1
20.Qb3xb1 Ra8d8
21.Qb1b3 Nd7b6
22.Kc2 Nb6xa4
23.Bf1d3 Na4b6
24.Rh1d1 Nb6d7
25.Kb2 Nd7f6
26.Nf3g5 h6
27.Bd3h7 Nf6xh7
28.Rd1xd8 Re8xd8
29.Ng5e4 Nh7f6
30.Ne4xf6 gxf6
{ resign }
0-1

[Event "Tourn. n8865"]
[Site "www.chess-mail.com"]
[Date "2016.07.15"]
[Round "1"]
[White "Jhzes"]
[Black "Gatrooper"]
[WhiteElo "1890"]
[BlackElo "1710"]
[Result "1-0"]
[Round "1"]
1.e4 e5
2.Ng1f3 Nb8c6
3.Bf1c4 d6
4.d4 Bc8e6
5.d5 Nc6d4
6.Nf3xd4 exd4
7.dxe6 fxe6
8.Bc4xe6 Qd8e7
9.Be6xg8 Rh8xg8
10.Qd1xd4 Ra8d8
11.h4 Qe7d7
12.Qd4xa7 Qd7e6
13.Qa7xb7 d5
14.Qb7b5 c6
15.Qb5e2 dxe4
16.O-O Bf8d6
17.Nb1c3 Qe6e5
18.g3 g5
19.Nc3xe4 Bd6e7
20.Bc1xg5 Kf8
21.Qe2f3 Ke8
22.Bg5xe7 Qe5xe7
23.Ne4f6 Kf7
24.Nf6d5 Ke6
25.Nd5xe7 Rg8f8
26.Rf1e1 Kd7
27.Qf3xc6 
1-0

[Event "Tourn. n8854"]
[Site "www.chess-mail.com"]
[Date "2016.07.15"]
[Round "1"]
[White "Pwain"]
[Black "B0zata"]
[WhiteElo "2220"]
[BlackElo "2260"]
[Result "1-0"]
[Round "1"]
1.e4 e5
2.Ng1f3 Nb8c6
3.Bf1b5 d6
4.c3 a6
5.Bb5a4 Bc8d7
6.d4 Ng8f6
7.O-O Nf6xe4
8.Rf1e1 d5
9.Ba4xc6 Bd7xc6
10.Nf3xe5 Bf8e7
11.Ne5xc6 bxc6
12.Qd1e2 h6
13.f3 Ne4f6
14.Nb1a3 Kf8
15.Na3c2 a5
16.b3 Qd8d7
17.Bc1f4 Ra8e8
18.Nc2e3 Be7d6
19.Bf4xd6 cxd6
20.Qe2a6 Qd7c7
21.Ne3g4 Nf6xg4
22.Re1xe8 Kxe8
23.Qa6a8 Qc7d8
24.Ra1e1 Kd7
25.Qa8b7 Qd8c7
26.Re1e7 Kxe7
27.Qb7xc7 Ke6
28.fxg4 g5
29.Qc7xc6 Rh8b8
30.Kf2 f5
31.gxf5 Kxf5
32.Qc6xd6 Rb8h8
33.h3 g4
34.Qd6xd5 Kf4
35.g3 
1-0

[Event "Tourn. n8859"]
[Site "www.chess-mail.com"]
[Date "2016.07.15"]
[Round "1"]
[White "Bichoraro92"]
[Black "Cardiff"]
[WhiteElo "1719"]
[BlackElo "1770"]
[Result "1-0"]
[Round "1"]
1.e4 e5
2.Ng1f3 Nb8c6
3.d4 exd4
4.Bf1c4 Bf8e7
5.c3 d6
6.cxd4 Ng8f6
7.Nb1c3 O-O
8.O-O  { time }
1-0

[Event "Tourn. n8824"]
[Site "www.chess-mail.com"]
[Date "2016.07.15"]
[Round "1"]
[White "Cheminet"]
[Black "Genius9"]
[WhiteElo "2040"]
[BlackElo "1850"]
[Result "1-0"]
[Round "1"]
1.d4 d5
2.Bc1f4 c6
3.Ng1f3 Ng8f6
4.c4 dxc4
5.Nb1c3 Bc8f5
6.e3 e6
7.Bf1xc4 Bf8e7
8.O-O  { time }
1-0

[Event "Match"]
[Site "www.echecsemail.com"]
[Date "2016.07.15"]
[Round "1"]
[White "Pimpampum"]
[Black "Silent1"]
[WhiteElo "2190"]
[BlackElo "1860"]
[Result "1/2-1/2"]
[Round "1"]
1.e4 e5
2.Ng1f3 d6
3.d4 exd4
4.Nf3xd4 Bf8e7
5.Nb1c3 Ng8f6
6.Bf1c4 O-O
7.O-O b6
8.Rf1e1 Bc8b7
9.Nd4f5 Nb8d7
10.Bc1g5 h6
11.Bg5h4 Nd7e5
12.Bc4b3 Ne5g6
13.Bh4g3 a6
14.h3 Bb7c8
15.Nf5xe7 Ng6xe7
16.Qd1d4 Bc8b7
17.Ra1d1 Ra8b8
18.Re1e3 Ne7c6
19.Qd4d2 Nc6a5
20.Nc3d5 Na5xb3
21.axb3 Nf6xd5
22.exd5 Rf8e8
23.Rd1e1 Re8xe3
24.Re1xe3 Qd8d7
25.c4 Rb8e8
26.Kf1 a5
27.Ke2 Kf8
28.Qd2d3 Re8xe3
29.Kxe3 Qd7e7
30.Kd2 Bb7c8
31.Kc3 g6
32.Qd3d4 Qe7e1
33.Qd4d2 Qe1xd2
34.Kxd2 { draw }
1/2-1/2

[Event "Match"]
[Site "www.echecsemail.com"]
[Date "2016.07.15"]
[Round "1"]
[White "Karpov35"]
[Black "Andregor"]
[WhiteElo "1809"]
[BlackElo "2650"]
[Result "0-1"]
[Round "1"]
1.c4 b6
2.d4 Bc8b7
3.Nb1c3 e6
4.e4 Bf8b4
5.f3 f5
6.exf5 Ng8h6
7.fxe6 Nh6f5
8.Bf1d3 Qd8h4
9.Kf1 O-O
10.Bd3xf5 Rf8xf5
11.exd7 Nb8xd7
12.Bc1e3 Bb4xc3
13.bxc3 Qh4f6
14.Ra1c1 Ra8e8
15.Be3f2 Qf6f7
16.Qd1b3 Bb7a6
17.d5 Nd7e5
18.Ng1e2 Ne5xf3
{ resign }
0-1

[Event "1/128 Finale"]
[Site "www.chess-mail.com"]
[Date "2016.07.15"]
[Round "1"]
[White "Bronstein70"]
[Black "Brighton"]
[WhiteElo "999"]
[BlackElo "1740"]
[Result "1-0"]
[Round "1"]
1.e4 e5
2.f4 d5
3.Ng1f3 dxe4
4.Nf3xe5 Bf8d6
5.Qd1e2 Ng8f6
6.d4 O-O
7.Nb1c3 c5
8.dxc5 Bd6xc5
9.Nc3xe4 Nf6xe4
10.Qe2xe4 Nb8c6
11.Bf1d3  { time }
1-0

[Event "1/64 Finale"]
[Site "www.chess-mail.com"]
[Date "2016.07.15"]
[Round "1"]
[White "Llord"]
[Black "Gatrooper"]
[WhiteElo "1870"]
[BlackElo "1710"]
[Result "1-0"]
[Round "1"]
1.e4 e5
2.Ng1f3 Nb8c6
3.Bf1c4 d6
4.Nb1c3 Bc8e6
5.Bc4xe6 fxe6
6.O-O Ng8f6
7.d3 a6
8.Bc1g5 Bf8e7
9.h3 Nf6h5
10.Bg5xe7 Qd8xe7
11.Nf3xe5 Nc6xe5
12.Qd1xh5 g6
13.Qh5e2 O-O-O
14.d4 Ne5c6
15.Ra1d1 h5
16.d5 exd5
17.Nc3xd5 Qe7e8
18.a3 Nc6a7
19.c4 c6
20.Nd5b6 Kc7
21.Nb6a4 c5
22.b4 b5
23.cxb5 axb5
24.Na4c3 c4
25.Nc3d5 Kc8
26.Rd1a1 Na7c6
27.a4 Nc6d4
28.Qe2e3 Nd4c2
29.Qe3b6 Rd8d7
30.Ra1a2 Rd7b7
31.Qb6xd6 Nc2d4
32.Qd6c5 Nd4c6
33.axb5 Kd7
34.Nd5f6 Kd8
35.Nf6xe8 Rh8xe8
36.Qc5xc6 Rb7b8
37.Rf1d1 Ke7
38.Ra2a7 Kf8
39.Qc6f6 Kg8
40.Qf6g7 
1-0

[Event "Eq:Equipo Juan Diaz-Slap Shot Mates : "]
[Site "www.chess-mail.com"]
[Date "2016.07.15"]
[Round "1"]
[White "Astigitana"]
[Black "Leswamp"]
[WhiteElo "2450"]
[BlackElo "2320"]
[Result "1/2-1/2"]
[Round "1"]
1.d4 Ng8f6
2.c4 e6
3.Nb1c3 Bf8b4
4.Qd1c2 O-O
5.a3 Bb4xc3
6.Qc2xc3 d6
7.Bc1g5 Nb8d7
8.Ng1f3 b6
9.e3 Bc8b7
10.Bf1d3 h6
11.Bg5h4 c5
12.O-O Ra8c8
13.Nf3d2 cxd4
14.exd4 b5
15.b3 Qd8b6
16.Bd3c2 Rc8c7
17.f3 Rf8c8
18.Ra1b1 Nf6d5
19.Qc3d3 Nd7f6
20.Nd2e4 Nf6xe4
21.fxe4 Nd5e7
22.Bh4f2 Ne7g6
23.c5 dxc5
24.dxc5 Qb6c6
25.Rf1d1 Ng6e5
26.Qd3h3 Qc6e8
27.Rb1c1 Qe8e7
28.b4 Ne5c4
29.Bf2h4 Qe7e8
30.Qh3g3 Kf8
31.Qg3c3 f6
32.Bh4g3 e5
33.a4 a6
34.axb5 axb5
35.Bg3f2 Bb7c6
36.Bc2d3 Qe8e6
37.Bd3xc4 Qe6xc4
38.Qc3xc4 bxc4
39.Rc1xc4 Ke7
40.Rd1a1 { draw }
1/2-1/2

[Event "Fast Game"]
[Site "www.echecsemail.com"]
[Date "2016.07.15"]
[Round "1"]
[White "Hennie4820"]
[Black "Godrad"]
[WhiteElo "1600"]
[BlackElo "1759"]
[Result "1-0"]
[Round "1"]
1.e4 e5
2.Ng1f3 Nb8c6
3.Bf1c4 Ng8f6
4.d4 exd4
5.O-O Nf6xe4
6.Rf1e1 d5
7.Bc4xd5 Qd8xd5
8.Nb1c3 Qd5c4
9.Nc3xe4 Bc8e6
10.Ne4g5  { time }
1-0

[Event "Tourn. n8859"]
[Site "www.chess-mail.com"]
[Date "2016.07.16"]
[Round "1"]
[White "Nulladies"]
[Black "Gatrooper"]
[WhiteElo "1750"]
[BlackElo "1610"]
[Result "1-0"]
[Round "1"]
1.d4 d5
2.Ng1f3 Nb8c6
3.Bc1f4 e6
4.e3 Bf8d6
5.Bf4g3 Bd6xg3
6.hxg3 a6
7.Bf1d3 h6
8.c3 Ng8f6
9.Nf3e5 Nc6xe5
10.dxe5 Nf6d7
11.Nb1d2 Nd7xe5
12.Bd3c2 c6
13.g4 Ne5xg4
14.Qd1xg4 g6
15.Bc2xg6 fxg6
16.Qg4xg6 Kf8
17.Rh1xh6 Rh8xh6
18.Qg6xh6 Ke8
19.O-O-O Kd7
20.Qh6g7 Qd8e7
21.Qg7g6 Kc7
22.Nd2f3 Bc8d7
23.Rd1h1 Qe7c5
24.Nf3e5 Ra8d8
25.Rh1h7 Kb6
26.Rh7h8 Qc5e7
27.Rh8h7 Qe7c5
28.Ne5xd7 Rd8xd7
29.Rh7xd7 e5
30.Qg6g7 Ka5
31.b4 Qc5xb4
32.cxb4 Kxb4
33.Rd7xb7 Kc5
34.Qg7e7 Kc4
35.Qe7b4 Kd3
36.Qb4d2 Ke4
37.Rb7f7 d4
38.exd4 exd4
39.Rf7e7 Kd5
40.Re7d7 Kc5
41.Qd2xd4 Kb5
42.a4 Ka5
43.Qd4c3 Kxa4
44.Rd7b7 a5
45.Qc3b3 { resign }
1-0

[Event "Tourn. n8803"]
[Site "www.chess-mail.com"]
[Date "2016.07.16"]
[Round "1"]
[White "Numanoid"]
[Black "Rons"]
[WhiteElo "2450"]
[BlackElo "2550"]
[Result "0-1"]
[Round "1"]
1.d4 Ng8f6
2.Bc1g5 Nf6e4
3.Bg5f4 c5
4.f3 Qd8a5
5.c3 Ne4f6
6.d5 Qa5b6
7.e4 Qb6xb2
8.Nb1d2 Qb2xc3
9.Bf4c7 d6
10.Ra1b1 Nf6d7
11.Bf1b5 Qc3f6
12.Ng1e2 a6
13.Qd1a4 g6
14.Nd2c4 axb5
15.Qa4xa8 bxc4
16.Bc7xb8 Bf8h6
17.Bb8xd6 O-O
18.Bd6g3 c3
19.O-O b5
20.Qa8c6 b4
21.Rb1a1 Kg7
22.f4 Qf6xc6
23.dxc6 Nd7f6
24.e5 Nf6d5
{ resign }
0-1

[Event "Tourn. n8863"]
[Site "www.chess-mail.com"]
[Date "2016.07.16"]
[Round "1"]
[White "Francesco"]
[Black "Picifarkinca"]
[WhiteElo "1980"]
[BlackElo "1960"]
[Result "1-0"]
[Round "1"]
1.e4 c6
2.d4 d5
3.Nb1c3 dxe4
4.Nc3xe4 Nb8d7
5.Ng1f3 Ng8f6
6.Ne4g3 e6
7.Bf1d3 Bf8d6
8.Ng3e4 Nf6xe4
9.Bd3xe4 Nd7f6
10.Be4d3 O-O
11.O-O h6
12.Rf1e1 Qd8c7
13.Bc1d2 c5
14.dxc5 Qc7xc5
15.a3 Qc5c7
16.b4 b6
17.c4 Bc8b7
18.h3 Ra8d8
19.Bd2c3 Bb7xf3
20.Qd1xf3 e5
21.Re1e2 Rf8e8
22.Ra1e1 Qc7d7
23.Bd3f5 Qd7c7
24.Qf3d3 e4
25.Qd3c2 Bd6h2
26.Kh1 Bh2e5
27.Bf5xe4 Nf6xe4
28.Re2xe4 { resign }
1-0

[Event "Tourn. n8757"]
[Site "www.chess-mail.com"]
[Date "2016.07.16"]
[Round "1"]
[White "Tartan"]
[Black "Marbachess"]
[WhiteElo "2340"]
[BlackElo "2530"]
[Result "0-1"]
[Round "1"]
1.d4 f5
2.g3 Ng8f6
3.Bf1g2 g6
4.b3 Bf8g7
5.Bc1b2 O-O
6.Ng1f3 Nf6e4
7.O-O Nb8c6
8.Nb1d2 Ne4xd2
9.Qd1xd2 d6
10.c4 e5
11.d5 Nc6b8
12.Nf3g5 Qd8e7
13.Ra1d1 a5
14.f4 e4
15.Bb2xg7 Qe7xg7
16.e3 h6
17.Ng5h3 Nb8d7
18.Nh3f2 Nd7c5
19.Rd1c1 Bc8d7
20.Rf1d1 g5
21.fxg5 hxg5
22.Rd1e1 Kh7
23.Qd2c2 Kg6
24.Re1d1 g4
25.Rd1d2 Qg7h6
26.Qc2c3 Rf8h8
27.h3 gxh3
28.Nf2xh3 Kf7
{ resign }
0-1

[Event "Tourn. n8866"]
[Site "www.chess-mail.com"]
[Date "2016.07.16"]
[Round "1"]
[White "Picifarkinca"]
[Black "Fred"]
[WhiteElo "1960"]
[BlackElo "1990"]
[Result "0-1"]
[Round "1"]
1.Ng1f3 Ng8f6
2.b3 e6
3.Bc1b2 Bf8c5
4.e3 Nb8c6
5.d4 Bc5b6
6.c4 a6
7.Bb2a3 Bb6a5
8.Nb1d2 d6
9.Bf1d3 h6
10.O-O O-O
11.e4 Ba5c3
12.Ra1c1 Bc3xd4
13.Nf3xd4 Nc6xd4
14.c5 e5
15.cxd6 cxd6
16.Nd2c4 Nd4b5
17.Ba3b2 Bc8e6
18.Nc4e3 Qd8d7
19.f4 exf4
20.Rf1xf4 Nf6h7
21.a4 Nb5c7
22.Qd1h5 Ra8e8
23.Ne3f5 Be6xf5
24.Rf4xf5 Nc7e6
25.Rc1f1 f6
26.Qh5g6 Qd7e7
27.e5 dxe5
28.Rf5xe5 Nh7g5
29.h4 fxe5
30.hxg5 Rf8xf1
31.Kxf1 Ne6xg5
{ resign }
0-1

[Event "Tourn. n8881"]
[Site "www.chess-mail.com"]
[Date "2016.07.16"]
[Round "1"]
[White "Picifarkinca"]
[Black "Bojan"]
[WhiteElo "1970"]
[BlackElo "1960"]
[Result "0-1"]
[Round "1"]
1.e4 e5
2.f4 exf4
3.Ng1f3 Bf8e7
4.Bf1c4 d6
5.O-O h6
6.d4 g5
7.Nb1c3 a6
8.Nf3e5 dxe5
{ resign }
0-1

[Event "Tourn. n8871"]
[Site "www.chess-mail.com"]
[Date "2016.07.16"]
[Round "1"]
[White "Jhzes"]
[Black "Redabond"]
[WhiteElo "1890"]
[BlackElo "1620"]
[Result "1-0"]
[Round "1"]
1.e4 e5
2.Ng1f3 Nb8c6
3.Bf1c4 Ng8f6
4.Nf3g5 d5
5.exd5 Nf6xd5
6.Qd1f3 Bc8e6
7.Ng5xe6 fxe6
8.O-O Nc6d4
9.Qf3h5 g6
10.Qh5xe5 Nd4xc2
11.Qe5xh8 Nc2xa1
12.Qh8e5 Qd8d6
13.Qe5e4 O-O-O
14.Nb1c3 Nd5xc3
15.bxc3 Qd6c6
16.Qe4xc6 bxc6
17.Bc4xe6 Kb7
18.Bc1b2 Na1c2
19.Rf1b1 Rd8xd2
20.Bb2c1 Ka8
21.Bc1xd2 Nc2a3
22.Rb1b2 Na3b5
23.Be6c8 Bf8g7
24.Rb2b3 Nb5d6
25.Bc8d7 c5
26.Bd7c6 { resign }
1-0